Skin Deep : (Record no. 610911)

MARC details
000 -LEADER
fixed length control field 00476nam a2200193 a 4500
008 - FIXED-LENGTH DATA ELEMENTS--GENERAL INFORMATION
fixed length control field 260207s1996##################000#0#eng##
020 ## - INTERNATIONAL STANDARD BOOK NUMBER
ISBN 9780385474108
082 04 - DEWEY DECIMAL CLASSIFICATION NUMBER
Classification number 305.8097
Item number GOL
100 1# - MAIN ENTRY--AUTHOR NAME
Personal name Golden, Marita,
245 10 - TITLE STATEMENT
Title Skin Deep :
260 ## - PUBLICATION, DISTRIBUTION, ETC. (IMPRINT)
Year of publication 1996.
300 ## - PHYSICAL DESCRIPTION
Number of Pages 332 pages
650 #0 - SUBJECT ADDED ENTRY--TOPICAL TERM
Topical Term African American women.
942 ## - ADDED ENTRY ELEMENTS (KOHA)
Koha item type English Books
Holdings
Withdrawn status Lost status Damaged status Not for loan Home library Current library Shelving location Date acquired Full call number Accession Number Price effective from Koha item type
        Anna Centenary Library Anna Centenary Library 3RD FLOOR, B WING 07.02.2026 305.8097 GOL 505695 07.02.2026 English Books

Find us on the map